[Event "FRA-ch op"]
[Site "Nimes"]
[Date "2014.08.18"]
[Round "2"]
[White "Varas, Leonides"]
[Black "Reboul, Lou Orphe"]
[Result "0-1"]
[WhiteElo "1482"]
[BlackElo "1186"]
[PlyCount "58"]
[EventDate "2014.08.17"]
[EventType "swiss"]
[EventRounds "11"]
[EventCountry "FRA"]
[SourceTitle "EXT 2015"]
[Source "ChessBase"]
[SourceDate "2014.11.20"]
[SourceVersion "1"]
[SourceVersionDate "2014.11.20"]
[SourceQuality "1"]

1. e4 e5 2. Nc3 Nf6 3. f4 d5 4. exd5 exf4 5. Nf3 Bb4 6. Bc4 Qe7+ 7. Qe2 Qxe2+ 8. Nxe2 Bd6 9. 0-0 h6 10. d4 g5 11. Ne5 Nbd7 12. Nc3 0-0 13. Nf3 Nb6 14. a3 Nxc4 15. b3 Nb6 16. Nb5 Bd7 17. Nxd6 cxd6 18. c4 a5 19. a4 Rfe8 20. Bd2 Ne4 21. Bc1 Bg4 22. Ba3 Rad8 23. Ra2 Bxf3 24. Rxf3 Nf6 25. h3 Nh5 26. Ra1 Ng3 27. Rd3 Re2 28. Rdd1 Re3 29. Rab1 Ne2+ 0-1